书目信息 |
| 题名: |
基于功能视角的我国农村金融发展研究
|
|
| 作者: | 李喜梅 著 | |
| 分册: | ||
| 出版信息: | 北京 中国金融出版社 2009 |
|
| 页数: | 215页 | |
| 开本: | 23cm | |
| 丛书名: | 广东金融学院学术文库 | |
| 单 册: | ||
| 中图分类: | F832.35 | |
| 科图分类: | ||
| 主题词: | 农村金融--经济发展--研究--中国 , 农村金融 , 经济发展 | |
| 电子资源: | ||
| ISBN: | 978-7-5049-5185-4 | |
| 000 | 01008oam2 2200289 45 | |
| 001 | 1034520671 | |
| 005 | 20100319083611.76 | |
| 010 | @a978-7-5049-5185-4@dCNY29.00 | |
| 100 | @a20100311d2009 em y0chiy50 ea | |
| 101 | 0 | @achi |
| 102 | @aCN@b110000 | |
| 105 | @ay z 000yy | |
| 106 | @ar | |
| 200 | 1 | @a基于功能视角的我国农村金融发展研究@AJi Yu Gong Neng Shi Jiao De Wo Guo Nong Cun Jin Rong Fa Zhan Yan Jiu@f李喜梅著@FLi Xi Mei Zhu |
| 210 | @a北京@c中国金融出版社@d2009 | |
| 215 | @a215页@d23cm | |
| 225 | 2 | @a广东金融学院学术文库 |
| 300 | @a广东金融学院资助出版 | |
| 330 | @a本书共分7部分,包括:从功能视角研究农村金融系统的理论基点、我国农村金融功能发挥的现实条件、我国农村金融的供需现状及其功能效应变迁考察等内容。 | |
| 461 | 0 | @12001 @a广东金融学院学术文库 |
| 606 | 0 | @a农村金融@x经济发展@x研究@y中国 |
| 606 | 0 | @a农村金融 |
| 606 | 0 | @a经济发展 |
| 690 | @aF832.35@v4 | |
| 701 | 0 | @a李喜梅@ALi Xi Mei@4著 |
| 801 | 0 | @aCN@bTANGWEI@c20100319 |
| 905 | @b0585898-902@dF832.35@e67@f5 | |
| 基于功能视角的我国农村金融发展研究/李喜梅著.-北京:中国金融出版社,2009 |
| 215页;23cm.-(广东金融学院学术文库) |
| 广东金融学院资助出版 |
| ISBN 978-7-5049-5185-4:CNY29.00 |
| 本书共分7部分,包括:从功能视角研究农村金融系统的理论基点、我国农村金融功能发挥的现实条件、我国农村金融的供需现状及其功能效应变迁考察等内容。 |
| ● |
| 相关链接 |
|
|
|
|
正题名:基于功能视角的我国农村金融发展研究
索取号:F832.35/67
 
预约/预借
| 序号 | 登录号 | 条形码 | 馆藏地/架位号 | 状态 | 备注 |
| 1 | 0585898 | 205858981 | 第一样本阅览室/ [索取号:F832.35/67] | 在馆 | |
| 2 | 0585899 | 205858990 | 第一借阅区/ [索取号:F832.35/67] | 在馆 | |
| 3 | 0585900 | 205859007 | 密集书库-海洋学院/ [索取号:F832.35/67] | 在馆 | |
| 4 | 0585901 | 205859016 | 第一借阅区/ [索取号:F832.35/67] | 在馆 | |
| 5 | 0585902 | 205859025 | 第一借阅区/ [索取号:F832.35/67] | 在馆 |